00663 2200229 4500001002100000005001500021035002000036007000300056008003900059100002100098245004100119300003300160082002000193084003100213264005900244336002100303337003000324338002300354650002400377850001000401990002200411INLIS00000000001428120260615080528 a0010-0626000079ta260615 | | |  tPadang Bercerita aPadang Bercerita /cPadang Bercerita a1 Berkas :billus. ;c234 MB a900.598.134.008 a[23] 900.598.134.008 PAD p aPadang :bPerpustakan dan kearsipan kota padang,c2004 2rdacontentaTeks 2rdamediaaTanpa Perantara 2rdacarrieraBerkas 4asejarah kota padang aPUPAD a000.01/B/DPK/2008